Photographs of Egypt and the Holy Land /

محفوظ في:

المؤلف الرئيسي: Frith, Francis (مؤلف)

مؤلفون آخرون: Williams, Caroline.

التنسيق: كتاب

اللغة: English

منشور في: Cairo, Egypt : American University in Cairo Press, 1999.

الموضوعات:

الوسوم: إضافة وسم

لا توجد وسوم, كن أول من يضع وسما على هذه التسجيلة!

رقم الطلب: DT47 .F75 1999

LEADER 00826namaa2200265 4500
001 18913
003 OSt
005 20260324080205.0
008 130303s1999 ua a 000 0 eng d
010 |a 99896067 
020 |a 9774245164 
040 |c ARCE Library 
043 |a f-ua---  |a awba---  |a awgz--- 
050 4 |a DT47 .F75 1999 
100 1 |a Frith, Francis,  |e author  |9 30326 
245 1 0 |a Photographs of Egypt and the Holy Land /   |c Francis Frith ; introduction by Caroline Williams. 
264 1 |a Cairo, Egypt :   |b American University in Cairo Press,   |c 1999. 
300 |a 83 pages :   |b chiefly illustrations ;   |c 25 cm. 
500 |a "A Zeitouna book." 
651 0 |a Egypt  |v Pictorial works.  
651 0 |a Palestine  |v Pictorial works. 
700 1 |a Williams, Caroline. 
901 |a reviewed 
942 |c BK  |2 lcc 
999 |c 15969  |d 15969